奈良県内の駅から出ている鉄道の行き先 - Statistics

General Stats
  • This quiz has been taken 725 times
  • The average score is 39 of 59
Answer Stats
Answer % Correct
京都
97%
京都
97%
大阪難波
90%
大和西大寺
88%
王寺
86%
王寺
86%
和歌山
86%
近鉄奈良
85%
生駒
85%
橿原神宮前
84%
天王寺
83%
大阪上本町
82%
賢島
82%
近鉄名古屋
82%
吉野
81%
奈良
81%
加茂
81%
天理
80%
尼崎
79%
大和八木
79%
桜井
78%
神戸三宮
77%
伊勢中川
77%
鳥羽
77%
JR難波
75%
大阪阿部野橋
74%
高田
74%
名張
73%
宇治山田
72%
五条
71%
新王寺
67%
学研奈良登美ヶ丘
67%
五十鈴川
65%
新田辺
64%
西田原本
64%
青山町
64%
榛原
62%
松阪
62%
古市
61%
コスモスクエア
61%
国際会館
61%
五位堂
61%
東花園
60%
平端
57%
東生駒
54%
近鉄御所
54%
大和朝倉
54%
尺土
53%
高安
50%
粉河
44%
六田
42%
新三田
40%
宝塚
38%
西明石
38%
壺阪山
37%
東山
30%
生駒山上
25%
鳥居前
21%
宝山寺
20%
No matching quizzes found
Score Distribution
Percent of People with Each Score
Percentile by Number Answered
Your Score History
You have not taken this quiz